000 00368nam a2200157Ia 4500
001 4292
003 IN-NITTTR
005 20251114232958.0
008 251113s9999||||xx |||||||||||||| ||eng||
040 _beng
040 _cIN-NITTTR
041 _aeng
082 _a621.319 P384E
245 0 _aElectrical transmission and distribution reference book /
942 _2ddc
_cBK
999 _c6928
_d6928